米原駅から出ている鉄道の列車の行き先 - Statistics

General Stats
  • This quiz has been taken 72 times
  • The average score is 23 of 27
Answer Stats
Hint Answer % Correct
北陸本線 敦賀
98%
東海道新幹線 東京
97%
東海道新幹線 名古屋
97%
東海道新幹線 新大阪
97%
山陽新幹線 広島
97%
山陽新幹線 博多
97%
東海道本線 名古屋
97%
東海道本線 大垣
97%
山陽本線 姫路
97%
東海道新幹線 静岡
95%
東海道本線 豊橋
95%
東海道本線 大阪
95%
高山本線 高山
95%
赤穂線 播州赤穂
95%
東海道新幹線 三島
93%
北陸本線 長浜
91%
東海道本線 浜松
91%
東海道本線 京都
91%
北陸本線 近江塩津
90%
山陽本線 網干
88%
山陽本線 加古川
86%
山陽本線 上郡
86%
近江鉄道 彦根
71%
近江鉄道 近江八幡
66%
近江鉄道 貴生川
62%
近江鉄道 多賀大社前
52%
近江鉄道 八日町
2%
No matching quizzes found
Score Distribution
Percent of People with Each Score
Percentile by Number Answered
Your Score History
You have not taken this quiz